000 00631nam a2200205Ia 4500
003 GCL
008 140319s9999 xx 000 0 ara d
040 _aGCL /
_cGCL
082 0 4 _a342.02
_bع د
100 1 _aعبدالناصر توفيق العطار
245 1 0 _aدستور للامة من القران والسنة /
_cعبدالناصر توفيق العطار
260 _a[S.N] :
_bمكتبة وهبة ،
_c1989
300 _a239 ص
490 _a
650 0 4 _aالقانون
650 0 4 _aالفقه الاسلامى
650 0 4 _aالدستور
650 0 4 _aالقانون الدستورى
942 _2ddc
_cBK
999 _c28404
_d28404